000 00466 a2200145 4500
999 _c367
_d367
020 _a000000
050 _aBP166.5 SAB 2007
100 _aMohammad Ali Sabuni
245 _aProphethood and the prophets/
_cAl- Sheikh Muhammad Ali Sabuni., translated by Muhammad Idris Esau
264 _aKuwait:
_bAfrica Muslims agency.,
_c2007
300 _a320pages. illustrations
500 _ano index and bibliography
650 _aIslam religion
942 _2lcc
_cBK
_h166.5
_iSAB
_kBP